00890nam a22002177a 450000100060000000300080000600500170001400800410003103500190007204000350009104100080012608200270013410000210016124501710018226000940035330000400044750201000048750400340058765000140062170000370063581859BD-RjUL20230905191036.0230905s2021 bg a|||| m||| 00| 0 eng d a(BD-RjUL)81859 aBD-RjULbengcBD-RjULdBD-RjUL aeng 223a639.2092bTAA 2021 aTaslima, Farhana10aAlternative livelihood of hilsa fisherman with it's marketing system : bA case study from Chandpur District /cBy Farhana, Taslima ;6Supervisor : Md. Delwer Hossain aRajshahi :bDepartment of Fisheries Faculty of Agriculture, University of Rajshahi,c2021 axviii, 150 leaves :bill, ;c29.cm. aThesis (Ph. D.) -- Department of Fisheries Faculty of Agriculture, University of Rajshahi, 2021 aReferences : Leaves 141 - 150 aFisherman aHossain, Md. Delwer, Supervisor